<?xml version="1.0" encoding="UTF-8"?><?xml-stylesheet type="text/xsl" href="static/style.xsl"?><OAI-PMH xmlns="http://www.openarchives.org/OAI/2.0/" xmlns:xsi="http://www.w3.org/2001/XMLSchema-instance" xsi:schemaLocation="http://www.openarchives.org/OAI/2.0/ http://www.openarchives.org/OAI/2.0/OAI-PMH.xsd"><responseDate>2026-06-01T22:05:17Z</responseDate><request verb="GetRecord" identifier="oai:riuma.uma.es:10630/28771" metadataPrefix="marc">https://riuma.uma.es/rest/oai/request</request><GetRecord><record><header><identifier>oai:riuma.uma.es:10630/28771</identifier><datestamp>2026-02-03T11:12:44Z</datestamp><setSpec>com_10630_2254</setSpec><setSpec>col_10630_37953</setSpec></header><metadata><record xmlns="http://www.loc.gov/MARC21/slim" xmlns:dcterms="http://purl.org/dc/terms/" xmlns:doc="http://www.lyncode.com/xoai" xmlns:xsi="http://www.w3.org/2001/XMLSchema-instance" xsi:schemaLocation="http://www.loc.gov/MARC21/slim http://www.loc.gov/standards/marcxml/schema/MARC21slim.xsd">
   <leader>00925njm 22002777a 4500</leader>
   <datafield ind2=" " ind1=" " tag="042">
      <subfield code="a">dc</subfield>
   </datafield>
   <datafield ind2=" " ind1=" " tag="720">
      <subfield code="a">Karanik, Marcelo Javier</subfield>
      <subfield code="e">author</subfield>
   </datafield>
   <datafield ind2=" " ind1=" " tag="720">
      <subfield code="a">Bernal, Rubén Alfredo</subfield>
      <subfield code="e">author</subfield>
   </datafield>
   <datafield ind2=" " ind1=" " tag="720">
      <subfield code="a">Peláez-Sánchez, José Ignacio</subfield>
      <subfield code="e">author</subfield>
   </datafield>
   <datafield ind2=" " ind1=" " tag="720">
      <subfield code="a">Gómez-Ruiz, José Antonio</subfield>
      <subfield code="e">author</subfield>
   </datafield>
   <datafield ind2=" " ind1=" " tag="260">
      <subfield code="c">2019</subfield>
   </datafield>
   <datafield ind2=" " ind1=" " tag="520">
      <subfield code="a">Customers strongly base their e-commerce decisions on the opinions of others by checking reviews and ratings provided by other users. These assessments are overall opinions about the product or service, and it is not possible to establish why they perceive it as good or bad. To understand this “why”, it is necessary an expert’s analysis concerning the relevant factors of the product or service. Frequently, these two visions are not coincident and the best product for experts may not be the best one for users. For this reason, trustworthy decision-making methods that integrate the mentioned views are highly desirable. This article proposes a multi-criteria decision analysis model based on the integration of users’ preferences and experts’ opinions. It combines the majority’s opinion and criteria synergy to provide a unified perspective in order to support consumers’ ranking-based decisions in social media environments. At the same time, the model supplies useful information for managers about strengths and weaknesses of their product or service according to users’ experience and experts’ judgment. The aggregation processes and synergy criteria are modeled in order to obtain an adequate consensus mechanism. Finally, in order to test the proposed model, several simulations using hotel valuations are performed.</subfield>
   </datafield>
   <datafield ind1="8" ind2=" " tag="024">
      <subfield code="a">Soft Computing. Vol 23(4):1357-1373. 2019</subfield>
   </datafield>
   <datafield ind1="8" ind2=" " tag="024">
      <subfield code="a">https://hdl.handle.net/10630/28771</subfield>
   </datafield>
   <datafield ind1="8" ind2=" " tag="024">
      <subfield code="a">10.1007/s00500-017-2863-5</subfield>
   </datafield>
   <datafield tag="653" ind2=" " ind1=" ">
      <subfield code="a">Toma de decisiones</subfield>
   </datafield>
   <datafield ind2="0" ind1="0" tag="245">
      <subfield code="a">Combining user preferences and expert opinions: a criteria synergy-based model for decision making on the Web</subfield>
   </datafield>
</record>
</metadata></record></GetRecord></OAI-PMH>